000 00576nam a22001817a 4500
999 _c179013
_d179013
005 20210511161728.0
010 _aENG-129500
020 _c270.00
035 _aEN-113032
037 _bDBAD/PUB
082 _a881
100 _aSharma, Jayant
245 _aMy Footloose Diary/
_cJayant Sharma
260 _bThe Poetry Society of India
_aHaryana
_c2020
270 _aH-23/16, DLF Phase-I, Gurugram
_bHaryana
_e122002
_mthepoetrysoindia@gmail.com; mgwebguru@gmail.com
_k0124-4054392, 098118-42292
300 _a84p.
_c22cm(hbk)
942 _2ddc
_cEN
_h881
_mSHA